000 00208nam a22000977a 4500
082 _a621.388 AON'E
245 _aA ONE TV CIRCUIT DIAGRAMS
260 _aLAHORE
_bSUFI SONS
_c1965
300 _a40P
942 _cBK
999 _c580603
_d580603